Gaming Quiz

Random Gaming or Video Games Quiz

Team Fortress 2 Weapons Quiz Stats

 Plays Quiz Updated Feb 17, 2020

     
Support Sporcle.
Go Orange.
Score 0/208 Timer 17:00
0 Plays Today
% Correct
Pistol
75.4%
Shotgun
73.6%
Shotgun
66.9%
Scattergun
63.1%
Knife
63%
Medigun
62.6%
Flamethrower
62.5%
Minigun
60.9%
Syringe Gun
60.8%
Revolver
59.2%
Force-A-Nature
57.6%
Rocket Launcher
57.4%
Sniper Rifle
55.8%
Brass Beast
55.3%
Shortstop
55.2%
Crusader's Crossbow
52.5%
Sandvich
52.2%
Bonk! Atomic Punch
52.1%
Grenade Launcher
52%
Kritzkrieg
51.8%
Soda Popper
51.7%
Detonator
51.4%
Flare Gun
50.8%
Wrench
50.3%
Sydney Sleeper
49.9%
Blutsauger
49.8%
Sticky Bomb Launcher
49.8%
Jarate
49.6%
Tomislav
49.5%
Backburner
47.8%
Vaccinator
46.7%
Pistol
46.5%
Cow Mangler 5000
46.5%
Lugermorph
46.4%
Wrangler
45.8%
Rocket Jumper
45.7%
Shotgun
45.5%
Shotgun
45.5%
Machina
43.7%
Overdose
42.9%
Baseball Bat
42.9%
Ambassador
42.4%
Winger
41.8%
Reserve Shooter
41.6%
Baby Face's Blaster
41.6%
Frying Pan
41%
Crit-a-cola
40.2%
Back Scatter
39.4%
Degreaser
38.3%
Iron Curtain
38.3%
Pretty Boy's Pocket Pistol
37.6%
Bonesaw
37.2%
Bazaar Bargain
36.3%
Jag
35.9%
Ubersaw
35.6%
Sticky Jumper
35.6%
Direct Hit
35.2%
Southern Hospitality
34.9%
Phlogistinator
34.7%
Quick-Fix
34%
Liberty Launcher
33.4%
Razorback
32.9%
Loch-n-Load
32.7%
L'etranger
32.7%
Huntsman
32.6%
Huo-Long Heater
32.2%
Natascha
32%
Fists
32%
Sandman
32%
Scorch Shot
31.8%
% Correct
Black Box
31.5%
Big Kill
31.4%
Enforcer
31.2%
Diamondback
31.1%
Conniver's Kunai
30.6%
Eureka Effect
30.4%
Fire Axe
29.7%
Mad Milk
29.4%
Chargin' Targe
28.6%
Vita-Saw
28.2%
Hitman's Heatmaker
28.1%
Submachine Gun
27.9%
The Original
27.8%
Rainblower
27.6%
Panic Attack
27.4%
Lugermorph
27.1%
Wrap Assassin
26.9%
Panic Attack
26.7%
Panic Attack
26.7%
Panic Attack
26.7%
Scottish Resistance
26.7%
Escape Plan
26%
Beggar's Bazooka
25.8%
Frying Pan
25.4%
Gunslinger
25.1%
Shovel
25%
Kukri
24.8%
Amputator
24.7%
Saxxy
24.5%
C.A.P.P.E.R.
24.4%
C.A.P.P.E.R.
24.4%
Atomizer
24%
Iron Bomber
24%
Frontier Justice
24%
Solemn Vow
23.9%
Rescue Ranger
23.9%
Big Earner
23.8%
Your Eternal Reward
23.4%
Widowmaker
23.4%
Gunboats
23.4%
Air Strike
23.4%
Cleaners Carbine
23.3%
Gloves of Running Urgently
23.2%
Classic
22.7%
Dragon's Fury
22.6%
Bottle
22.5%
AWPer Hand
22.4%
Eyelander
22.2%
Dalokohs Bar
22.1%
Boston Basher
22%
Spy-cicle
21.8%
Manmelter
21.8%
Reserve Shooter
21.8%
Batsaber
21.8%
Killing Gloves of Boxing
21.7%
Loose Cannon
21.7%
Axtinguisher
21.4%
Third Degree
21.2%
Second Banana
21.1%
Holiday Punch
21%
Tide Turner
20.9%
Mutated Milk
20.9%
Family Business
20.4%
Gas Passer
19.9%
B.A.S.E. Jumper
19.8%
B.A.S.E. Jumper
19.8%
Ali Baba's Wee Booties
19.4%
Flying Guillotine
19.4%
Short Circuit
19.3%
Quickiebomb Launcher
19.1%
% Correct
Cozy Camper
18.8%
Lollichop
18.7%
Fan O' War
18.5%
Bootlegger
18.4%
Golden Frying Pan
18.3%
Market Gardener
18.2%
Bushwacka
18.2%
Holy Mackerel
18.2%
Fortified Compound
17.7%
Conscientious Objector
17.2%
Buffalo Steak Sandvich
17%
Black Rose
17%
Unarmed Combat
16.9%
Powerjack
16.9%
Sun-On-A-Stick
16.7%
Neon Annihilator
16.7%
Equalizer
16.6%
Ham Shank
16.6%
Hot Hand
16.5%
Bat Outta Hell
16.4%
Pomson 6000
16.3%
Buff Banner
16.2%
Thermal Thruster
16.2%
Tribalman's Shiv
16.2%
Candy Cane
16.1%
Fists of Steel
16.1%
Nostromo Napalmer
16%
Darwin's Danger Shield
15.7%
Robo-Sandvich
15.6%
Homewrecker
14.7%
Shooting Star
14.7%
Eviction Notice
14.3%
Three-Rune Blade
14.1%
Backscratcher
13.5%
Concheror
13.4%
Freedom Staff
13.2%
Fishcake
13%
Splendid Screen
12.8%
Battalion's Backup
12.7%
Mantreads
12.6%
Bread Bite
12.4%
Sharp Dresser
12.4%
Postal Pummeler
12.4%
Shahanshah
11.9%
Self-Aware Beauty Mark
11.8%
Half-Zatoichi
11.7%
Half-Zatoichi
11.7%
Wanga Prick
11.2%
Pain Train
11.1%
Pain Train
11.1%
Maul
10.9%
Sharpened Volcano Fragment
10.9%
Persian Persuader
10.5%
Warrior's Spirit
10.4%
Scottish Handshake
10.4%
Golden Wrench
10.3%
Memory Maker
10.2%
Necro Smasher
10.2%
Righteous Bison
10.1%
Disciplinary Action
9.8%
Apoco-Fists
9.8%
Ullapool Caber
9.3%
Crossing Guard
9.3%
Nessie's Nine Iron
8.6%
Scotsman's Skullcutter
8.2%
Giger Counter
8.2%
Claidheamh Mòr
7.7%
Horseless Headless Horsemann's Headtaker
7.1%

From the Vault

Baby Names: U.K. (2007)

by Matt

While both the U.S. and U.K. share a common language, the majority of the top 10 girls and boys names between the two countries are different. In case you were wondering, 3 boys' and 2 girls' names are shared.
Remove Ads.
Support Sporcle.
Get the best of Sporcle when you Go Orange. This ad-free experience offers more features, more stats, and more fun while also helping to support Sporcle. Thank you for becoming a member.

Show Comments

Extras

Top Quizzes Today


Score Distribution

Your Account Isn't Verified!

In order to create a playlist on Sporcle, you need to verify the email address you used during registration. Go to your Sporcle Settings to finish the process.

Report this User

Report this user for behavior that violates our Community Guidelines.

Details: